000 01311nam2a22002291 4500
001 rc\3170283
005 20250530075443.0
035 _a(NLR Aleph) 007307706
090 _a5777086
_c5777086
100 _a20120615g19751976|||y0rusy50 ca
101 0 _arus
102 _aRU
105 _aa z |||||
200 0 _aЧ. 2
210 _d1976, обл. 1975
_aБ. м.
215 _a[1], 363-526 с.
_cил.
461 0 _1001rc\3170281
_12001#$aПроблемы геотехнологии$eТезисы докл. II Всесоюз. конф. по геотехнол. методам добычи полезных ископаемых. 26-28 янв.$f[Науч. ред. д. т. н., проф. В.Ж. Аренс]$gВсесоюз. гос. хозрасчетное объединение горнохим. пром-сти. Гос. НИИ горнохим. сырья. Ч. 1-$vЧ. 2
_95777067
_cМосква
_d1976 [обл. 1975]
_f[Науч. ред. д. т. н., проф. В.Ж. Аренс]
_nБ. и.
_oТезисы докл. II Всесоюз. конф. по геотехнол. методам добычи полезных ископаемых. 26-28 янв.
_tПроблемы геотехнологии
_vЧ. 2
801 0 _aRU
_bNLR
_gpsbo
801 1 _aRU
_bELAR
_2rusmarc
852 _aNLR
_j76-3/8099
942 _cBOOK
980 _aNB